| 000 -LEADER |
| fixed length control field |
01617cam a22004338i 4500 |
| 001 - CONTROL NUMBER |
| control field |
20628143 |
| 005 - DATE AND TIME OF LATEST TRANSACTION |
| control field |
20220923155213.0 |
| 008 - FIXED-LENGTH DATA ELEMENTS--GENERAL INFORMATION |
| fixed length control field |
180813s2018 mau b 001 0 eng |
| 010 ## - LIBRARY OF CONGRESS CONTROL NUMBER |
| LC control number |
2018037001 |
| 020 ## - INTERNATIONAL STANDARD BOOK NUMBER |
| International Standard Book Number |
9781786394132 (Hardback) |
| 020 ## - INTERNATIONAL STANDARD BOOK NUMBER |
| Canceled/invalid ISBN |
9781786394156 (ePub) |
| 020 ## - INTERNATIONAL STANDARD BOOK NUMBER |
| Canceled/invalid ISBN |
9781786394149 (ePDF) |
| 040 ## - CATALOGING SOURCE |
| Original cataloging agency |
DLC |
| Language of cataloging |
eng |
| Transcribing agency |
DLC |
| Description conventions |
rda |
| 042 ## - AUTHENTICATION CODE |
| Authentication code |
pcc |
| 050 00 - LIBRARY OF CONGRESS CALL NUMBER |
| Classification number |
G155.I723 |
| Item number |
I75 2018 |
| 082 00 - DEWEY DECIMAL CLASSIFICATION NUMBER |
| Classification number |
338.4791 |
| Author Mark |
ISL |
| 130 0# - MAIN ENTRY--UNIFORM TITLE |
| Uniform title |
Islamic tourism (C.A.B. International) |
| 9 (RLIN) |
99003 |
| 245 10 - TITLE STATEMENT |
| Title |
Islamic tourism : |
| Remainder of title |
management of travel destinations / |
| Statement of responsibility, etc. |
edited by Ahmad Jamal, University of Cardiff; Razaq Raj, Leeds Beckett University; and Kevin Griffin, Dublin Institute of Technology, Ireland. |
| 263 ## - PROJECTED PUBLICATION DATE |
| Projected publication date |
1812 |
| 264 #1 - PRODUCTION, PUBLICATION, DISTRIBUTION, MANUFACTURE, AND COPYRIGHT NOTICE |
| Place of production, publication, distribution, manufacture |
Boston, Massachusetts : |
| Name of producer, publisher, distributor, manufacturer |
CABI, |
| Date of production, publication, distribution, manufacture, or copyright notice |
[2018] |
| 264 #4 - PRODUCTION, PUBLICATION, DISTRIBUTION, MANUFACTURE, AND COPYRIGHT NOTICE |
| Date of production, publication, distribution, manufacture, or copyright notice |
© 2019. |
| 300 ## - PHYSICAL DESCRIPTION |
| Extent |
pages cm. |
| 336 ## - CONTENT TYPE |
| Content type term |
text |
| Content type code |
txt |
| Source |
rdacontent |
| 337 ## - MEDIA TYPE |
| Media type term |
unmediated |
| Media type code |
n |
| Source |
rdamedia |
| 338 ## - CARRIER TYPE |
| Carrier type term |
volume |
| Carrier type code |
nc |
| Source |
rdacarrier |
| 490 0# - SERIES STATEMENT |
| Series statement |
CABI religious tourism and pilgrimage series |
| 504 ## - BIBLIOGRAPHY, ETC. NOTE |
| Bibliography, etc. note |
Includes bibliographical references and index. |
| 650 #0 - SUBJECT ADDED ENTRY--TOPICAL TERM |
| Topical term or geographic name entry element |
Tourism |
| Geographic subdivision |
Islamic countries. |
| 9 (RLIN) |
99004 |
| 650 #0 - SUBJECT ADDED ENTRY--TOPICAL TERM |
| Topical term or geographic name entry element |
Tourism |
| General subdivision |
Religious aspects |
| -- |
Islam. |
| 9 (RLIN) |
99005 |
| 650 #0 - SUBJECT ADDED ENTRY--TOPICAL TERM |
| Topical term or geographic name entry element |
Sacred spaces |
| General subdivision |
Management. |
| 9 (RLIN) |
99006 |
| 650 #0 - SUBJECT ADDED ENTRY--TOPICAL TERM |
| Topical term or geographic name entry element |
Pilgrims and pilgrimages. |
| 9 (RLIN) |
99007 |
| 650 #0 - SUBJECT ADDED ENTRY--TOPICAL TERM |
| Topical term or geographic name entry element |
Muslim travelers. |
| 9 (RLIN) |
99008 |
| 700 1# - ADDED ENTRY--PERSONAL NAME |
| Personal name |
Jamal, Ahmad, |
| Dates associated with a name |
1965- |
| Relator term |
editor. |
| 9 (RLIN) |
99009 |
| 700 1# - ADDED ENTRY--PERSONAL NAME |
| Personal name |
Raj, Razaq, |
| Relator term |
editor. |
| 9 (RLIN) |
99010 |
| 700 1# - ADDED ENTRY--PERSONAL NAME |
| Personal name |
Griffin, Kevin A., |
| Relator term |
editor. |
| 9 (RLIN) |
99011 |
| 906 ## - LOCAL DATA ELEMENT F, LDF (RLIN) |
| a |
7 |
| b |
cbc |
| c |
orignew |
| d |
1 |
| e |
ecip |
| f |
20 |
| g |
y-gencatlg |
| 942 ## - ADDED ENTRY ELEMENTS (KOHA) |
| Source of classification or shelving scheme |
|
| Koha item type |
Book |